[Event "Madrid-ch U16 Girls"]
[Site "Madrid"]
[Date "2016.04.16"]
[Round "2"]
[White "Aragoneses Montero, Elena"]
[Black "Vela Martinez, Marta"]
[Result "1-0"]
[WhiteElo "1414"]
[BlackElo "1135"]
[PlyCount "105"]
[EventDate "2016.04.16"]
[EventType "tourn"]
[EventRounds "7"]
[EventCountry "ESP"]
[SourceTitle "CBM 172 Extra"]
[Source "ChessBase"]
[SourceDate "2016.06.21"]
[SourceVersion "1"]
[SourceVersionDate "2016.06.21"]
[SourceQuality "1"]

1. e4 e5 2. Nf3 Nc6 3. Bb5 Nge7 4. d3 h6 5. 0-0 a6 6. Ba4 b5 7. Bb3 Ng6 8. c3 Be7 9. a4 Bb7 10. Bd5 0-0 11. d4 d6 12. Qe2 Qd7 13. axb5 axb5 14. Rxa8 Bxa8 15. Qxb5 Rb8 16. Qc4 Nd8 17. Bxa8 Rxa8 18. Na3 Ra4 19. Qb3 Ra8 20. Be3 Nc6 21. Qd5 Ra5 22. Qb3 Bf6 23. Nc4 Ra6 24. Qb5 Ra8 25. Qb7 Rb8 26. Qa6 d5 27. dxe5 Ncxe5 28. Ncxe5 Bxe5 29. Nxe5 Nxe5 30. exd5 Qxd5 31. h3 Qb7 32. Qxb7 Rxb7 33. Rb1 Rb3 34. Bf4 f6 35. Rd1 Rxb2 36. Bxe5 fxe5 37. Rd8+ Kh7 38. Rc8 Rb1+ 39. Kh2 Rb7 40. Kg3 g5 41. Kg4 Kg6 42. Rg8+ Kf6 43. Rc8 Ra7 44. Kh5 Kg7 45. Re8 Kf6 46. Kxh6 Ra6 47. Rc8 Kf5+ 48. Kh5 Rc6 49. Rf8+ Ke4 50. Rf3 Rd6 51. Kxg5 Rd8 52. Re3+ Kd5 53. Rd3+ 1-0